000 00192 a2200097 4500
020 _a9780021819256
041 _aspa
100 _aMcGraw,hill,Macmillan
245 _aNaranja Dulce
942 _cBK
999 _c31769
_d31767